000 00675nam a2200193Ii 4500
003 JO-AjNU
008 230605s9999||||xx |||||||||||||| ||und||
040 _aJO-AjNU
_bara
_erda
_cJO-AjNU
041 _aara
050 1 4 _aPJ7696.A35.A17
100 3 _aشرحه وضبط نصوصه وقدم له عمر فاروق الطباع,
_eauthor
_933692
245 0 0 _aديوان عمر بن كلثوم
264 3 1 _aبيروت:دار القلم،1900
300 _a135ص
336 _atext
_btxt
_2rdacontent
337 _aunmediated
_bn
_2rdamedia
338 _avolume
_bnc
_2rdacarrier
650 4 _aالشعر العربي - تاريخ ونقد - العصر الجاهلي 
_933693
999 _aA13739
_c17307
_d17307